Podnikateľský plán podniku bakalárska práca

Gespeichert in:
Bibliographische Detailangaben
1. Verfasser: Masaryková, Natália
Körperschaft: Fakulta podnikového manažmentu EU. Katedra manažmentu
Weitere Verfasser: Šinský, Peter
Format: Buch
Sprache:Slowakisch
Veröffentlicht: Bratislava 2015
Tags: Tag hinzufügen
Keine Tags, Fügen Sie das erste Tag hinzu!

MARC

LEADER 00000nbm a2200000 4500
001 0202924
005 20161212102219.9
041 0 |a slo 
044 |a SK 
245 1 0 |a Podnikateľský plán podniku  |b bakalárska práca  |c Natália Masaryková ; školiteľ: Peter Šinský 
264 1 |a Bratislava  |c 2015 
300 |a 70 s. 
100 1 |a Masaryková, Natália 
700 1 |a Šinský, Peter 
710 2 |a Fakulta podnikového manažmentu EU. Katedra manažmentu